000 00433nam a22001577a 4500
020 _a978-93-5009-344-3
082 _a920
_bBAI/N
100 _aBAILEY, GERRY
100 _aFOSTER, KAREN
245 _aNEIL ARMSTRONG
_bFIRST MAN ON THE MOON
260 _aGURGAON
_bHACHETTE INDIA
_c2014
300 _a36
520 _aTHE FULLY ILLUSTRATED LIFE STORIES OF THE WORLD'S MOST INSPIRING PEOPLE
650 _aBIOGRAPHY
_zINDIA
942 _cBK
999 _c5855
_d5855